<?xml version="1.0" encoding="UTF-8"?>
<record
    xmlns:xsi="http://www.w3.org/2001/XMLSchema-instance"
    xsi:schemaLocation="http://www.loc.gov/MARC21/slim http://www.loc.gov/standards/marcxml/schema/MARC21slim.xsd"
    xmlns="http://www.loc.gov/MARC21/slim">

  <leader>01049nam a22002897a 4500</leader>
  <controlfield tag="001">4532</controlfield>
  <controlfield tag="003">FISKH</controlfield>
  <controlfield tag="005">20240913112141.0</controlfield>
  <controlfield tag="008">240913b        cb ||||| |||| 00| 0 eng d</controlfield>
  <datafield tag="020" ind1=" " ind2=" ">
    <subfield code="a">078073004508</subfield>
  </datafield>
  <datafield tag="040" ind1=" " ind2=" ">
    <subfield code="a">FISKH</subfield>
    <subfield code="b">eng</subfield>
    <subfield code="c">FISKH</subfield>
    <subfield code="d">FISKH</subfield>
  </datafield>
  <datafield tag="050" ind1=" " ind2=" ">
    <subfield code="a">PZ7.M3567585</subfield>
  </datafield>
  <datafield tag="082" ind1=" " ind2=" ">
    <subfield code="a">813.54</subfield>
  </datafield>
  <datafield tag="100" ind1=" " ind2=" ">
    <subfield code="a">Martin, Ann M. </subfield>
    <subfield code="e">author </subfield>
  </datafield>
  <datafield tag="245" ind1=" " ind2=" ">
    <subfield code="a">Baby-sitters on board ! /</subfield>
    <subfield code="c">by Ann M. Martin</subfield>
  </datafield>
  <datafield tag="250" ind1=" " ind2=" ">
    <subfield code="a">First Scholastic printing, July 1988 </subfield>
  </datafield>
  <datafield tag="260" ind1=" " ind2=" ">
    <subfield code="a">New York : </subfield>
    <subfield code="b">Scholastic ; </subfield>
    <subfield code="c">1988 .</subfield>
  </datafield>
  <datafield tag="300" ind1=" " ind2=" ">
    <subfield code="a">231 pages : </subfield>
    <subfield code="b">illustrations ; </subfield>
    <subfield code="c">20 cm . </subfield>
  </datafield>
  <datafield tag="490" ind1=" " ind2=" ">
    <subfield code="a">The Baby-Sitters Club Super Special (1)</subfield>
  </datafield>
  <datafield tag="505" ind1=" " ind2=" ">
    <subfield code="a">O 
</subfield>
  </datafield>
  <datafield tag="520" ind1=" " ind2=" ">
    <subfield code="a">Kristy, Mary Anne, Stacey, Claudia, and Dawn are the luckiest baby-sitters in the world. This summer they're going on the greatest trip ever: a plane ride to Florida, a boat trip around the Bahamas, and then three days of fun -- in Disney World!</subfield>
  </datafield>
  <datafield tag="521" ind1="8" ind2=" ">
    <subfield code="a">610 
</subfield>
    <subfield code="b">Lexile 
</subfield>
  </datafield>
  <datafield tag="521" ind1="8" ind2=" ">
    <subfield code="a">O 
</subfield>
    <subfield code="b">Raz-Plus 
</subfield>
  </datafield>
  <datafield tag="650" ind1=" " ind2=" ">
    <subfield code="a">babysitters</subfield>
    <subfield code="v">fiction</subfield>
  </datafield>
  <datafield tag="942" ind1=" " ind2=" ">
    <subfield code="2">ddc</subfield>
    <subfield code="c">BK</subfield>
    <subfield code="n">0</subfield>
  </datafield>
  <datafield tag="999" ind1=" " ind2=" ">
    <subfield code="c">4532</subfield>
    <subfield code="d">4532</subfield>
  </datafield>
  <datafield tag="952" ind1=" " ind2=" ">
    <subfield code="0">0</subfield>
    <subfield code="1">0</subfield>
    <subfield code="2">ddc</subfield>
    <subfield code="4">0</subfield>
    <subfield code="7">0</subfield>
    <subfield code="8">FIC</subfield>
    <subfield code="a">001</subfield>
    <subfield code="b">001</subfield>
    <subfield code="c">TTP</subfield>
    <subfield code="d">2024-09-13</subfield>
    <subfield code="l">0</subfield>
    <subfield code="o">MAR 813.54 PZ7.M3567585</subfield>
    <subfield code="p">FIS01955</subfield>
    <subfield code="r">2024-09-13 11:21:29</subfield>
    <subfield code="w">2024-09-13</subfield>
    <subfield code="y">BK</subfield>
  </datafield>
</record>
